[Event "Titled Tue 1st Jul Late"]
[Site "chess.com INT"]
[Date "2025.07.01"]
[Round "9"]
[White "Graif, William"]
[Black "Tang, Zoey"]
[Result "1-0"]
[WhiteTitle "FM"]
[BlackTitle "FM"]
[WhiteElo "2211"]
[BlackElo "2356"]
[WhiteFideId "2609835"]
[BlackFideId "30952530"]
[EventDate "2025.07.01"]

1. e4 c5 2. Nc3 d6 3. f4 Nc6 4. Nf3 g6 5. Bb5 Bg7 6. Bxc6+ bxc6 7. d3 e6 8. O-O
Ne7 9. Na4 O-O 10. c4 Rb8 11. Kh1 h6 12. Rb1 Kh7 13. b3 Ng8 14. e5 Ne7 15. exd6
Qxd6 16. Ba3 Rd8 17. Bxc5 Qd7 18. Ne5 Bxe5 19. fxe5 Nf5 20. Rf3 g5 21. Qe2 Ng7
22. Rbf1 Nf5 23. g4 Ng7 24. Rxf7 Qxd3 25. Qxd3+ Rxd3 26. Rxa7 Rb7 27. Rxb7 Bxb7
28. Rf7 Rd1+ 29. Kg2 Bc8 30. Nb6 Ba6 31. Bf8 Kg8 32. Rxg7+ Kxf8 33. Ra7 Rd2+ 34.
Kg3 Rxa2 35. Ra8+ Kg7 36. Nd7 c5 37. Nxc5 Rb2 38. Ra7+ 1-0

[Event "Titled Tue 1st Jul Late"]
[Site "chess.com INT"]
[Date "2025.07.01"]
[Round "9"]
[White "Vlassov, Nikolai"]
[Black "Ambartsumian, Tyhran"]
[Result "0-1"]
[WhiteTitle "IM"]
[BlackTitle "CM"]
[WhiteElo "2291"]
[BlackElo "2244"]
[WhiteFideId "4103360"]
[BlackFideId "34161112"]
[EventDate "2025.07.01"]

1. e4 e5 2. Bc4 Nf6 3. d3 Nc6 4. Nf3 Bc5 5. Bg5 d6 6. Nc3 h6 7. Bh4 a6 8. Nd5 g5
9. Nxg5 Nxd5 10. Qh5 Qf6 11. Nh7 Bxf2+ 12. Bxf2 Rxh7 13. exd5 Ne7 14. O-O Qg6
15. Qxg6 Nxg6 16. Be3 f5 17. d4 f4 18. Bd3 Rg7 19. Bd2 Nh4 20. Rf2 Bh3 21. dxe5
dxe5 22. Re1 O-O-O 23. Rxe5 Bxg2 24. Rxf4 Nf3+ 25. Rxf3 Bxf3+ 26. Kf2 Bxd5 27.
Bf5+ Kb8 28. Bxh6 Rg2+ 29. Ke3 Rxh2 30. Bf4 Rh1 31. Kf2 Rh5 32. Ke3 Bc6 33. Bd3
Rxe5+ 34. Bxe5 Bb5 35. Be4 Re8 36. Kf4 Bc6 37. Bd3 a5 38. b3 b6 39. a4 Kb7 40.
Bg6 Rf8+ 41. Ke3 Rg8 42. Bd3 Rg2 43. Kd4 Rg4+ 44. Kc3 Be4 45. Be2 Rg2 46. Bd1 c6
47. Bf4 Bf5 48. Be3 Ka6 49. Bd4 b5 50. axb5+ cxb5 51. Be3 b4+ 52. Kb2 Kb5 53.
Bd4 a4 54. bxa4+ Kxa4 55. Be5 b3 56. Bf3 Rxc2+ 0-1

[Event "Titled Tue 1st Jul Late"]
[Site "chess.com INT"]
[Date "2025.07.01"]
[Round "9"]
[White "Gimeno Martos, Roberto"]
[Black "Girya, Olga"]
[Result "0-1"]
[WhiteTitle "CM"]
[BlackTitle "GM"]
[WhiteElo "2090"]
[BlackElo "2393"]
[WhiteFideId "2226804"]
[BlackFideId "4195752"]
[EventDate "2025.07.01"]

1. e4 e5 2. Nf3 Nc6 3. Bb5 a6 4. Bxc6 dxc6 5. h3 Nf6 6. O-O Nxe4 7. Re1 Nc5 8.
d4 Ne6 9. dxe5 Qxd1 10. Rxd1 Bd7 11. Be3 O-O-O 12. Nc3 Be7 13. Ne4 b6 14. c3 c5
15. c4 Bc6 16. Nc3 Bxf3 17. gxf3 c6 18. b4 cxb4 19. Na4 b5 20. cxb5 axb5 21. Nb2
Kb7 22. f4 g6 23. Kg2 Rxd1 24. Rxd1 Rd8 25. Rc1 Ra8 26. Ra1 Ra3 27. Nd1 b3 28.
Bc1 Rxa2 29. Rb1 Nd4 30. Be3 Bc5 31. Nc3 Rc2 32. Ne4 Bb6 33. Nd6+ Kc7 34. Nxf7
b2 35. e6 Nxe6 36. Bxb6+ Kxb6 37. Kf3 Nc5 38. Ne5 Na4 39. Nd3 c5 40. Ke4 c4 41.
Nb4 Rc1 42. Nd5+ Kc5 43. Rxb2 Nxb2 44. Ne3 Re1 45. Kf3 Rxe3+ 46. fxe3 c3 47. e4
c2 48. e5 c1=Q 49. e6 Nd3 50. Kg4 Qxf4# 0-1

[Event "Titled Tue 1st Jul Late"]
[Site "chess.com INT"]
[Date "2025.07.01"]
[Round "9"]
[White "Nifdaliyev, Jahangir"]
[Black "Tasic, Vladimir"]
[Result "1-0"]
[WhiteTitle "FM"]
[WhiteElo "2312"]
[BlackElo "2208"]
[WhiteFideId "13407740"]
[BlackFideId "919667"]
[EventDate "2025.07.01"]

1. Nf3 g6 2. g3 Bg7 3. Bg2 d6 4. O-O Nf6 5. d4 O-O 6. c4 c6 7. Nc3 a5 8. e4 Nfd7
9. Be3 e5 10. Qc2 exd4 11. Nxd4 Ne5 12. b3 Na6 13. h3 Nb4 14. Qd2 h5 15. Rad1
Qe7 16. a3 Na6 17. f4 Nd7 18. f5 Ne5 19. Bh6 Bxh6 20. Qxh6 Qf6 21. fxg6 Qxg6 22.
Qe3 Nc5 23. Nf5 Re8 24. Nxd6 Re6 25. Qxc5 Qxg3 26. Ne2 Qxb3 27. Nf5 Nd7 28. Ne7+
Kf8 29. Rxd7 Bxd7 30. Nf5+ Kg8 31. Rf3 Rg6 32. Rxb3 Bxf5 33. exf5 Rg7 34. Nf4
Rf8 35. Nxh5 Rg5 36. Nf6+ Kg7 37. Qe5 Kh6 38. Ng4+ Kh5 39. Bf3 f6 40. Qe7 Kh4
41. Qh7+ Kg3 42. Bg2+ Kf4 43. Qc7+ Kxf5 44. Rf3+ Kg6 45. Qd6 Rxg4 46. Qxf8 Rxg2+
47. Kxg2 Kh7 48. Rxf6 c5 49. Rh6# 1-0

[Event "Titled Tue 1st Jul Late"]
[Site "chess.com INT"]
[Date "2025.07.01"]
[Round "9"]
[White "Yazici, Ugur Doga"]
[Black "Kochetkov, German"]
[Result "1-0"]
[WhiteTitle "CM"]
[BlackTitle "IM"]
[WhiteElo "2161"]
[BlackElo "2277"]
[WhiteFideId "6363342"]
[BlackFideId "13500635"]
[EventDate "2025.07.01"]

1. e4 e5 2. Nf3 d6 3. d4 exd4 4. Nxd4 Nf6 5. Nc3 Be7 6. Be2 O-O 7. O-O c5 8. Nf5
Bxf5 9. exf5 Nc6 10. Nd5 Nxd5 11. Qxd5 Nd4 12. Bd1 Qd7 13. g4 Qc6 14. Qxc6 bxc6
15. c3 Nb5 16. Bf3 d5 17. Re1 Rfe8 18. a4 Nd6 19. Bf4 Bf8 20. Bxd6 Bxd6 21. c4
dxc4 22. Bxc6 Rxe1+ 23. Rxe1 Rb8 24. Bb5 Kf8 25. Re2 f6 26. Bxc4 Be5 27. b3 Rd8
28. Re4 Rd2 29. f4 Bd4+ 30. Kh1 a5 31. Bb5 g6 32. fxg6 hxg6 33. h4 f5 34. gxf5
gxf5 35. Re8+ Kf7 36. Ra8 Rf2 37. Bc4+ Ke7 38. Ra7+ Kf6 39. Ra6+ Kg7 40. Rxa5
Rxf4 41. Ra7+ Kg6 42. a5 1-0

[Event "Titled Tue 1st Jul Late"]
[Site "chess.com INT"]
[Date "2025.07.01"]
[Round "9"]
[White "Craciun, Sasha-Matei"]
[Black "Bagheri, Maziar"]
[Result "1-0"]
[WhiteTitle "FM"]
[BlackTitle "FM"]
[WhiteElo "2320"]
[BlackElo "2287"]
[WhiteFideId "1281186"]
[BlackFideId "12530913"]
[EventDate "2025.07.01"]

1. e4 c5 2. Nf3 d6 3. Bb5+ Nd7 4. c3 Nf6 5. Qe2 a6 6. Ba4 b5 7. Bc2 g6 8. d4 Bg7
9. O-O O-O 10. a4 Bb7 11. Nbd2 b4 12. Bd3 Qa5 13. Nc4 Qc7 14. cxb4 cxd4 15. Nxd4
Nxe4 16. Nb3 Nef6 17. Nca5 Ne5 18. Be3 Nxd3 19. Qxd3 Be4 20. Qe2 Rab8 21. f3 Bd5
22. Qxa6 Rxb4 23. Qd3 Qb8 24. Nd4 Rxb2 25. Rab1 Rc8 26. Nb5 Rxb1 27. Rxb1 Qa8
28. Bb6 Nd7 29. Nc7 Rxc7 30. Bxc7 Be6 31. Kh1 Bf5 32. Qb3 Bxb1 33. Qxb1 Qa7 34.
Bd8 Bf6 35. Qc2 Nc5 36. Qc4 Ne6 37. Nc6 Qe3 38. Ba5 Nc5 39. h3 h5 40. Bb6 Qe1+
41. Kh2 Ne6 42. Qe4 Qxe4 43. fxe4 Nc5 44. Bxc5 dxc5 45. a5 c4 46. a6 1-0

[Event "Titled Tue 1st Jul Late"]
[Site "chess.com INT"]
[Date "2025.07.01"]
[Round "9"]
[White "Soza de la Carrera, Jose"]
[Black "Jagirapu, Harshin Reddy"]
[Result "0-1"]
[WhiteTitle "CM"]
[WhiteElo "2221"]
[BlackElo "2042"]
[WhiteFideId "3401278"]
[BlackFideId "39910679"]
[EventDate "2025.07.01"]

1. d4 d5 2. c4 e6 3. g3 Nf6 4. Nf3 c6 5. Bg2 dxc4 6. O-O b5 7. a4 Bb7 8. b3 cxb3
9. Nbd2 a6 10. Nxb3 Nbd7 11. Ne1 Be7 12. Nd3 O-O 13. Qc2 Rc8 14. Bb2 Nd5 15.
Nbc5 Nxc5 16. dxc5 Bf6 17. Rfd1 Bxb2 18. Qxb2 Qf6 19. Ne5 Rfd8 20. Rd2 b4 21.
Rad1 a5 22. Bf3 Nc3 23. Rxd8+ Rxd8 24. Rxd8+ Qxd8 25. Nc4 Ba6 26. Nd6 Qd7 27. e4
Nxa4 28. Qa1 Nxc5 29. e5 a4 30. Qd4 Nb7 31. Qxb4 Nxd6 32. exd6 Bb5 33. Bd1 f6
34. h4 Kf7 35. h5 Qa7 36. Qe4 a3 37. Qxh7 a2 38. h6 a1=Q 39. Qxg7+ Ke8 40. Qg8+
Kd7 0-1

[Event "Titled Tue 1st Jul Late"]
[Site "chess.com INT"]
[Date "2025.07.01"]
[Round "9"]
[White "Papacek, Stepan"]
[Black "Lichtmannecker, Daniel"]
[Result "0-1"]
[WhiteTitle "FM"]
[BlackTitle "CM"]
[WhiteElo "2225"]
[BlackElo "2194"]
[WhiteFideId "301035"]
[BlackFideId "12979414"]
[EventDate "2025.07.01"]

1. e4 c6 2. c4 d5 3. exd5 cxd5 4. cxd5 Nf6 5. Nc3 Nxd5 6. Nf3 Nc6 7. Bb5 e6 8.
O-O Be7 9. d4 O-O 10. Re1 Bf6 11. Ne4 Be7 12. a3 h6 13. Bd3 b6 14. Bd2 Bb7 15.
Rc1 Rc8 16. Qe2 Nb8 17. Rcd1 Nd7 18. Ng3 N7f6 19. Bc1 Re8 20. Ne5 Bf8 21. Bb5
Re7 22. h3 Rec7 23. Bd3 Rxc1 24. Rxc1 Nf4 25. Qd2 Nxg2 26. Rxc8 Qxc8 27. Rc1 Qa8
28. Rc7 Bd6 29. Rxf7 Bxe5 30. dxe5 Kxf7 31. exf6 Nh4 32. Qf4 g5 33. Qc7+ Kxf6
34. Qh7 Nf3+ 35. Kf1 Qf8 36. Qg6+ Ke7 37. Qh7+ Qf7 38. Qxf7+ Kxf7 39. Ke2 Nd4+
40. Ke3 Nc6 41. Be4 Nd8 0-1

[Event "Titled Tue 1st Jul Late"]
[Site "chess.com INT"]
[Date "2025.07.01"]
[Round "9"]
[White "Rosen, Eric"]
[Black "Aalto, Patrik"]
[Result "1-0"]
[WhiteTitle "IM"]
[BlackTitle "FM"]
[WhiteElo "2377"]
[BlackElo "2316"]
[WhiteFideId "2032562"]
[BlackFideId "510726"]
[EventDate "2025.07.01"]

1. d4 Nf6 2. Bf4 c5 3. d5 d6 4. Nc3 g6 5. e4 Bg7 6. Be2 O-O 7. Nf3 a6 8. a4 Bg4
9. Nd2 Bxe2 10. Qxe2 Nbd7 11. h3 b6 12. O-O Qc7 13. Nc4 Rfd8 14. Ra3 Ne8 15.
Rfa1 Rab8 16. Rb3 Rb7 17. Na3 Ra8 18. Bg3 Be5 19. f4 Bd4+ 20. Kh2 Nef6 21. Bh4
Nh5 22. Rf1 e6 23. g4 Nhf6 24. dxe6 fxe6 25. Bg3 Rf8 26. Nd1 Qc6 27. c3 Qxa4 28.
Qc4 Qxc4 29. Nxc4 Nxe4 30. cxd4 cxd4 31. Re1 d5 32. Na3 Ndc5 33. Rf3 d3 34. b4
d2 35. Re2 Na4 36. Rd3 Rc8 37. Nf2 Rc1 38. Nxe4 dxe4 39. Rd8+ Kf7 40. Rexd2 Nc3
41. Nc4 Re7 42. Ne5+ Kg7 43. Bh4 Rc7 44. R2d7+ Rxd7 45. Rxd7+ Kg8 46. Bf6 Rc2+
47. Kg3 Ne2+ 48. Kh4 Rc8 49. Rg7+ Kf8 50. Rxh7 Nxf4 51. Rh8# 1-0

[Event "Titled Tue 1st Jul Late"]
[Site "chess.com INT"]
[Date "2025.07.01"]
[Round "9"]
[White "Mardov, Dimitar"]
[Black "Svane, Rasmus"]
[Result "1-0"]
[WhiteTitle "IM"]
[BlackTitle "GM"]
[WhiteElo "2506"]
[BlackElo "2626"]
[WhiteFideId "30919495"]
[BlackFideId "4657101"]
[EventDate "2025.07.01"]

1. Nf3 d5 2. e3 Nf6 3. c4 e6 4. b3 Bd6 5. Bb2 O-O 6. Nc3 Re8 7. Rc1 c6 8. d4
Nbd7 9. Be2 b6 10. O-O Bb7 11. Qc2 Rc8 12. Rfd1 Qe7 13. g3 c5 14. cxd5 Nxd5 15.
Nxd5 Bxd5 16. e4 Bb7 17. Qd3 Rcd8 18. Qe3 Nf8 19. Bb5 Nd7 20. e5 Bb8 21. dxc5
bxc5 22. Nd2 a6 23. Ba4 Rf8 24. Nc4 Bd5 25. Bxd7 Rxd7 26. Nb6 Rdd8 27. Nxd5 exd5
28. Qxc5 Qe6 29. Qc6 Qf5 30. Qxa6 Bxe5 31. Bxe5 Qxe5 32. Qd3 d4 33. b4 Ra8 34.
Rc5 Qe6 35. a3 Rfd8 36. Ra1 Ra4 37. Rc4 Qa6 38. h4 h6 39. h5 Kf8 40. Rac1 Rxa3
41. Qh7 Qf6 42. Qh8+ Ke7 43. Rc7+ Rd7 44. Qc8 Qd6 45. Re1+ 1-0

[Event "Titled Tue 1st Jul Late"]
[Site "chess.com INT"]
[Date "2025.07.01"]
[Round "9"]
[White "Vetokhin, Savva"]
[Black "Abdurakhmonov, Mukhammadali"]
[Result "1-0"]
[WhiteTitle "GM"]
[BlackTitle "IM"]
[WhiteElo "2570"]
[BlackElo "2348"]
[WhiteFideId "44144474"]
[BlackFideId "14207346"]
[EventDate "2025.07.01"]

1. d4 Nf6 2. c4 e6 3. Nc3 Bb4 4. e3 O-O 5. Bd3 Re8 6. a3 Bxc3+ 7. bxc3 d6 8. Ne2
e5 9. O-O c5 10. e4 exd4 11. cxd4 Nc6 12. Qc2 cxd4 13. Bb2 Ne5 14. f3 Nxd3 15.
Qxd3 Be6 16. Bxd4 Rc8 17. Rac1 Nd7 18. Nf4 Ne5 19. Qe3 Nxc4 20. Qf2 b6 21. Qg3
Ne5 22. Nh5 g6 23. f4 Rxc1 24. Rxc1 Bg4 25. fxe5 Bxh5 26. exd6 Rxe4 27. Ba1 Bg4
28. Rf1 Qc8 29. Qb3 Qe6 30. Qc3 f6 31. h3 Bf5 32. d7 Qxd7 33. Qxf6 h5 34. Rc1
Re8 35. Qh8+ Kf7 36. Qg7+ Ke6 37. Qf6+ Kd5 38. Rd1+ Kc4 39. Rxd7 Bxd7 40. Qf7+
Kc5 41. Bd4+ Kd6 42. Qxg6+ Re6 43. Qxh5 Bc6 44. Qg5 Re4 45. Bf2 Re5 46. Bg3 1-0

[Event "Titled Tue 1st Jul Late"]
[Site "chess.com INT"]
[Date "2025.07.01"]
[Round "9"]
[White "Caku, Kler"]
[Black "Li, Yilin"]
[Result "1-0"]
[WhiteTitle "WFM"]
[BlackTitle "WFM"]
[WhiteElo "2010"]
[BlackElo "1922"]
[WhiteFideId "4704703"]
[BlackFideId "8610410"]
[EventDate "2025.07.01"]

1. e4 c5 2. Nf3 a6 3. d4 cxd4 4. Nxd4 e5 5. Nb3 Nf6 6. Nc3 Bb4 7. Bd2 Bxc3 8.
Bxc3 Nxe4 9. Qd5 Nxc3 10. Qxe5+ Qe7 11. Qxe7+ Kxe7 12. bxc3 Re8 13. O-O-O b5 14.
Bd3 g6 15. Be4 Ra7 16. h4 h5 17. Nc5 Rc7 18. Nd3 Rxc3 19. Nf4 Kf8 20. Rde1 Rc4
21. f3 Kg7 22. Nd5 Bb7 23. Ne3 Rc7 24. Bxb7 Rxb7 25. Nf5+ Kf8 26. Rxe8+ Kxe8 27.
Nd6+ Kd8 28. Nxb7+ Kc7 29. Nc5 Kc6 30. Nd3 d6 31. g4 Nd7 32. gxh5 gxh5 33. Nf4
Nf6 34. Rg1 Kc5 35. Rg5+ Kd4 36. Nxh5 Nd5 37. Ng7 Nc3 38. h5 Ke3 39. h6 Kf4 40.
h7 Kxg5 41. h8=Q Ne2+ 42. Kd2 Nf4 43. Ne8 Nd5 44. Qg7+ Kf5 45. Nxd6+ Ke6 46.
Nxf7 Nf4 47. Ng5+ Kf5 48. Nh7 Ne6 49. Qf6# 1-0

[Event "Titled Tue 1st Jul Late"]
[Site "chess.com INT"]
[Date "2025.07.01"]
[Round "9"]
[White "Ragger, Markus"]
[Black "Svane, Frederik"]
[Result "1/2-1/2"]
[WhiteTitle "GM"]
[BlackTitle "GM"]
[WhiteElo "2566"]
[BlackElo "2667"]
[WhiteFideId "1610856"]
[BlackFideId "12923044"]
[EventDate "2025.07.01"]

1. d4 e6 2. e4 d5 3. Nd2 c5 4. Ngf3 cxd4 5. Nxd4 Nc6 6. Bb5 Bd7 7. Nxc6 bxc6 8.
Bd3 Bd6 9. Qe2 Ne7 10. e5 Bc7 11. O-O c5 12. b3 O-O 13. f4 a5 14. Nf3 h6 15. c4
a4 16. Rb1 axb3 17. axb3 Bc6 18. Bc2 dxc4 19. bxc4 Nf5 20. Be4 Nd4 21. Qe3 Bxe4
22. Qxe4 Nxf3+ 23. Rxf3 Qd4+ 24. Qxd4 cxd4 25. Rd3 Rfd8 26. Bd2 Ra4 27. Rc1 Ra2
28. c5 h5 29. g3 Kh7 30. c6 Kg6 31. Kf2 Kf5 32. Kf3 g5 33. fxg5 Bxe5 34. Bf4 Ra5
35. c7 Rc8 36. Rc6 Rd5 37. h3 Bxf4 38. gxf4 f6 39. gxf6 Kxf6 40. Ke4 Ke7 41.
Rxd4 Rxd4+ 42. Kxd4 Kd7 43. Rc5 Rxc7 44. Rxc7+ Kxc7 45. Ke5 Kd7 46. Kf6 Kd6 47.
Kg5 e5 48. fxe5+ Kxe5 49. h4 Ke6 50. Kxh5 Kf7 51. Kh6 Kg8 52. h5 Kh8 53. Kg6 Kg8
54. h6 Kh8 55. h7 1/2-1/2

[Event "Titled Tue 1st Jul Late"]
[Site "chess.com INT"]
[Date "2025.07.01"]
[Round "9"]
[White "Mesquita, Eduardo Barbosa"]
[Black "Tang, Austin"]
[Result "0-1"]
[WhiteElo "2014"]
[BlackElo "1979"]
[WhiteFideId "22757163"]
[BlackFideId "30964580"]
[EventDate "2025.07.01"]

1. Nf3 d5 2. e3 Nf6 3. d4 c6 4. c4 Bf5 5. Nc3 e6 6. Be2 h6 7. O-O Nbd7 8. Qb3
Rb8 9. Bd2 Bd6 10. Rfc1 O-O 11. cxd5 exd5 12. Qa4 a6 13. Qd1 Qe7 14. a3 Rfe8 15.
b4 b5 16. Be1 Nb6 17. Bd3 Bxd3 18. Qxd3 Nc4 19. Nd2 Qc7 20. h3 Re7 21. Nxc4 bxc4
22. Qf5 Ne4 23. Nxe4 Rxe4 24. Rc3 Rbe8 25. Bd2 R8e6 26. f3 Rf6 27. Qh5 Re8 28.
Re1 Rg6 29. e4 Bf4 30. exd5 Rxe1+ 31. Bxe1 Rg5 32. Qh4 cxd5 33. Qf2 Rg6 34. Bd2
Bh2+ 35. Kf1 Bg3 36. Qe2 Kh7 37. Re3 Bd6 38. Bc3 Qd7 39. Qc2 Kg8 40. Kf2 Bf4 41.
Re2 Bc7 42. Qd1 Qd6 43. Re8+ Kh7 44. Kf1 Qh2 45. g4 Qxh3+ 46. Ke2 Qg2+ 47. Ke3
Bg3 48. Qe2 Qg1+ 49. Kd2 Bf4+ 50. Kc2 Qc1# 0-1

[Event "Titled Tue 1st Jul Late"]
[Site "chess.com INT"]
[Date "2025.07.01"]
[Round "9"]
[White "Clawitter, Craig"]
[Black "Donoso Aguirre, Maximiliano"]
[Result "1-0"]
[BlackTitle "CM"]
[WhiteElo "2050"]
[BlackElo "2050"]
[WhiteFideId "2023105"]
[BlackFideId "3458920"]
[EventDate "2025.07.01"]

1. e4 e5 2. Nf3 Nc6 3. Bb5 a6 4. Ba4 Nf6 5. O-O Be7 6. Re1 b5 7. Bb3 d6 8. c3
O-O 9. h3 h6 10. d4 Re8 11. Nbd2 Bf8 12. Nf1 Bd7 13. Ng3 Na5 14. Bc2 c5 15. Nf5
Bxf5 16. exf5 Nc4 17. b3 Nb6 18. g4 e4 19. Nh2 d5 20. Nf1 Nh7 21. dxc5 Bxc5 22.
Be3 Rc8 23. a4 bxa4 24. b4 Bxe3 25. Rxe3 Nc4 26. Re2 a3 27. Bb3 Qd6 28. Ne3 Nxe3
29. Rxe3 Red8 30. Rxa3 Ng5 31. Ra5 d4 32. cxd4 Qxb4 33. Rxa6 Rxd4 34. Qe2 Nf3+
35. Kg2 Ne1+ 36. Qxe1 Qb5 37. Ra7 Rd3 38. Bxf7+ Kh8 39. Rxe4 Rdd8 40. Ree7 Qb8
41. Bg6 Rg8 42. Bf7 Qf4 43. Bxg8 Rxg8 44. Rf7 Qd4 45. Rfe7 Qd5+ 46. Qe4 Qd6 47.
Re8 Qb6 48. Rxg8+ Kxg8 49. Qe8+ Kh7 50. Qg6+ Qxg6 51. fxg6+ Kxg6 52. Kg3 1-0

[Event "Titled Tue 1st Jul Late"]
[Site "chess.com INT"]
[Date "2025.07.01"]
[Round "9"]
[White "Simonovic, Miroslav"]
[Black "Winkels, Marcel"]
[Result "1-0"]
[WhiteTitle "CM"]
[BlackTitle "CM"]
[WhiteElo "2092"]
[BlackElo "1905"]
[WhiteFideId "919152"]
[BlackFideId "1003887"]
[EventDate "2025.07.01"]

1. d4 Nf6 2. Bg5 e6 3. e4 h6 4. Bxf6 Qxf6 5. Nc3 Nc6 6. Nf3 d6 7. Be2 e5 8. d5
Nb8 9. Nb5 Qd8 10. c4 a6 11. Nc3 Be7 12. Qc2 O-O 13. O-O f5 14. exf5 Bxf5 15.
Bd3 Bxd3 16. Qxd3 Nd7 17. b4 Nf6 18. Nd2 b6 19. Rae1 Qd7 20. h3 Nh5 21. Nde4 Nf4
22. Qg3 a5 23. b5 Qf5 24. f3 Qh5 25. Re3 Bh4 26. Qg4 Qxg4 27. hxg4 Rf7 28. g3
Be7 29. gxf4 exf4 30. Re2 Raf8 31. Rfe1 Bd8 32. Kg2 Bh4 33. Rh1 Bd8 34. Nd1 Re7
35. Ndf2 Ref7 36. Rhe1 Bh4 37. Nc3 Bf6 38. Nce4 Bd4 39. Nd3 a4 40. Nef2 Bf6 41.
Re8 Bg5 42. Rxf8+ Kxf8 43. Re4 Re7 44. Nh3 Rxe4 45. fxe4 Ke7 46. Kf3 Bf6 47.
Nhxf4 Ba1 48. Ne6 Kd7 49. Kf4 a3 50. e5 dxe5+ 51. Nxe5+ Kd6 52. Nf7+ Kd7 53. Kf5 1-0

[Event "Titled Tue 1st Jul Late"]
[Site "chess.com INT"]
[Date "2025.07.01"]
[Round "9"]
[White "Lebedev, Artem S."]
[Black "Rustamov, Rustam"]
[Result "1/2-1/2"]
[WhiteTitle "CM"]
[BlackTitle "FM"]
[WhiteElo "2164"]
[BlackElo "2334"]
[WhiteFideId "34272747"]
[BlackFideId "13440110"]
[EventDate "2025.07.01"]

1. e4 c5 2. Nf3 d6 3. d4 cxd4 4. Nxd4 e5 5. Nf3 Nf6 6. Nc3 Be7 7. Bc4 O-O 8. O-O
Be6 9. Bb3 Na6 10. Bg5 Nc7 11. Bxf6 Bxf6 12. Nd5 Nxd5 13. Bxd5 Qc7 14. c3 Rab8
15. a4 Qc5 16. Qd3 Bxd5 17. Qxd5 Qxd5 18. exd5 Be7 19. Nd2 f5 20. a5 Rfc8 21.
Rfb1 e4 22. a6 b5 23. Nb3 b4 24. Nd4 bxc3 25. bxc3 Rxb1+ 26. Rxb1 Rxc3 27. g3 g6
28. Nc6 Bf6 29. Rb8+ Kg7 30. Rb7+ Kh6 31. Rxa7 Rc1+ 32. Kg2 Ra1 33. Ra8 Ra2 34.
a7 e3 35. Re8 Be5 36. Nxe5 Rxa7 37. Nc4 exf2 38. Kxf2 Ra2+ 39. Re2 Ra1 40. Nxd6
Rd1 41. Re5 Kg5 42. Nc4 h5 43. d6 Rd4 44. Rc5 Kf6 45. Rc7 Ke6 46. Ke3 Rd1 47.
Re7+ Kf6 48. Rc7 Ke6 49. Re7+ Kf6 50. Rc7 Ke6 1/2-1/2

[Event "Titled Tue 1st Jul Late"]
[Site "chess.com INT"]
[Date "2025.07.01"]
[Round "9"]
[White "Tan, Zhongyi"]
[Black "Sharankov, Grigory"]
[Result "1-0"]
[WhiteTitle "GM"]
[BlackTitle "CM"]
[WhiteElo "2546"]
[BlackElo "2238"]
[WhiteFideId "8603642"]
[BlackFideId "4168356"]
[EventDate "2025.07.01"]

1. e4 e6 2. d4 d5 3. Nc3 a6 4. Nf3 Nf6 5. Bg5 Be7 6. e5 Nfd7 7. h4 c5 8. dxc5
Nc6 9. Qe2 Qc7 10. O-O-O h6 11. Bxe7 Nxe7 12. Nd4 Qxe5 13. b4 O-O 14. Rh3 Qxe2
15. Bxe2 e5 16. Nb3 d4 17. Ne4 f5 18. Nd6 Nf6 19. Bc4+ Kh7 20. c3 Ne4 21. cxd4
Nxf2 22. dxe5 Nxh3 23. gxh3 f4 24. Nd4 Bxh3 25. e6 f3 26. Nf7 f2 27. Bf1 Bxe6
28. Nxe6 Rxf7 29. Nd8 Rf4 30. a3 Nc6 31. Nxb7 Ne5 32. Nd6 Nf3 33. Kb2 Nh2 34. c6
Nxf1 35. Rxf1 Ra7 36. Nb7 Ra8 37. Kc3 Rc8 38. Na5 g5 39. hxg5 hxg5 40. Kd3 Rcf8
41. c7 g4 42. Nc6 g3 43. Nd8 Rf3+ 44. Ke2 g2 45. c8=Q gxf1=Q+ 46. Kxf1 Rg3 47.
Qc2+ Kh6 48. Qc6+ Kh7 49. Qc7+ Kh8 50. Qxg3 1-0

[Event "Titled Tue 1st Jul Late"]
[Site "chess.com INT"]
[Date "2025.07.01"]
[Round "9"]
[White "Storey, Charles H"]
[Black "Shendrik, Zhanna"]
[Result "1-0"]
[WhiteTitle "FM"]
[BlackTitle "WCM"]
[WhiteElo "2102"]
[BlackElo "1990"]
[WhiteFideId "406686"]
[BlackFideId "24106160"]
[EventDate "2025.07.01"]

1. e4 c5 2. Nf3 e6 3. d4 cxd4 4. Nxd4 a6 5. c4 Qc7 6. Nc3 Nf6 7. a3 d6 8. Be2 b6
9. O-O Bb7 10. f3 Nbd7 11. Be3 Be7 12. b4 Rc8 13. Qb3 Qb8 14. Rfc1 Bd8 15. g3
Bc7 16. Bf2 O-O 17. Qd1 Rfd8 18. Qf1 Ne5 19. Qh3 Ng6 20. Bf1 Qa8 21. Bg2 d5 22.
cxd5 exd5 23. exd5 Nxd5 24. Ne4 Be5 25. Ng5 Nf8 26. Nf5 Rxc1+ 27. Rxc1 Re8 28.
f4 Bf6 29. Ne4 Bb2 30. Rc2 Ba1 31. Qg4 Ng6 32. Ned6 Rb8 33. h4 Nf6 34. Qh3 Bxg2
35. Qxg2 Qa7 36. Nc8 Qd7 37. Nce7+ Nxe7 38. Nxe7+ Qxe7 39. Qf1 Re8 40. Qxa1 Qe4
41. Rc1 Ng4 42. Re1 Qa8 43. Rxe8+ Qxe8 44. Qd1 Nxf2 45. Kxf2 h6 46. Qe2 Qc6 47.
Qxa6 Qc2+ 48. Qe2 Qc6 49. Qe3 Qd6 50. Qc3 Qd5 51. Qb2 1-0

[Event "Titled Tue 1st Jul Late"]
[Site "chess.com INT"]
[Date "2025.07.01"]
[Round "9"]
[White "Amdouni, Zoubaier"]
[Black "Taranenko, Evgueniy"]
[Result "0-1"]
[WhiteTitle "FM"]
[WhiteElo "2186"]
[BlackElo "2201"]
[WhiteFideId "5500419"]
[BlackFideId "14122138"]
[EventDate "2025.07.01"]

1. e4 Nc6 2. c4 e5 3. Nc3 Bc5 4. Nf3 d6 5. g3 f5 6. exf5 Bxf5 7. Bg2 Nf6 8. d3
a6 9. O-O O-O 10. a3 Ba7 11. Nh4 Bg4 12. Qb3 Rb8 13. Be3 Nd4 14. Qa2 Qe8 15. h3
Be6 16. b4 Qh5 17. Nd5 Bxd5 18. cxd5 g5 19. Nf5 Nxf5 20. Bxa7 Ra8 21. g4 Qh6 22.
Be3 Nh4 23. Qd2 Nxg2 24. Kxg2 Qg6 25. Qa2 h6 26. Rac1 Rac8 27. Rfe1 Qf7 28. d4
Qxd5+ 29. Qxd5+ Nxd5 30. dxe5 dxe5 31. Bc5 Rfe8 32. Rcd1 Nf4+ 33. Kg3 b6 34. Be3
Kf7 35. h4 Rcd8 36. hxg5 Rxd1 37. Rxd1 hxg5 38. Rd7+ Re7 39. Rd8 Re8 40. Rd7+
Re7 41. Rd8 Ne2+ 42. Kf3 Nf4 43. Ke4 Ke6 44. Rg8 Kf6 45. Rh8 Kg7 46. Rc8 Kf6 47.
Rf8+ Ke6 48. Rf5 Nd5 49. Rxe5+ Kd6 0-1